| 000 | 00622nam a2200169Ia 4500 | ||
|---|---|---|---|
| 008 | 090201s9999 xx 000 0 und d | ||
| 010 | _aKPL-62653 | ||
| 040 | _bमराठी | ||
| 041 | _aमराठी | ||
| 082 |
_a18894 _b62653 |
||
| 100 | _aराजेंद्र बर्वे | ||
| 245 |
_aविसंवादातून सुसंवादाकडे _cराजेंद्र बर्वे |
||
| 260 |
_c2004 _bमनोविकास प्रकाशन |
||
| 300 |
_a132 _bमोठा |
||
| 600 | _aविसंवादातून सुसंवादाकडे | ||
| 942 | _cBOOK | ||
| 999 |
_c218744 _d218744 |
||